| 000 | 00911nam a22002297a 4500 | ||
|---|---|---|---|
| 008 | 240625b mp ||||| |||| 00| 0 mon d | ||
| 020 | _a978-99973-1-742-1 | ||
| 035 | _a21166 | ||
| 040 |
_aGA0182080 _bmon _cMN-UlNLM _dMN-UlNLM _erda |
||
| 041 | _amon | ||
| 042 | _a95268 | ||
| 084 |
_2NNA _a84(4) _bА-94 |
||
| 100 | _aАшард М. | ||
| 245 | 0 | _aЦөөхүүл ч гэсэн бидний индианчууд | |
| 264 |
_aУлаанбаатар _bМОНСУДАР хэвлэлийн газар _c2019 |
||
| 300 | _a148х. | ||
| 336 |
_2rdacontent _atext _btxt |
||
| 337 |
_2rdamedia _aunmediated _bn |
||
| 338 |
_2rdacarrier _avolume _bnc |
||
| 650 | _aЦиркийн жүжигчин Марион Ашард нь оорийн Тур де Цирк (Tour de Cirque) байгууллагынхныхаа хамтаар Францад төдийгүй хилийн чанадын ... | ||
| 942 |
_2NNA _cBK |
||
| 999 |
_c1042842 _d1042899 |
||